000 00599nam a2200205Ia 4500
999 _c35333
_d35333
001 1185
003 GE_BSU
005 20230221153346.0
008 181216s||||||||xx |||||||||||||| ||und||
040 _cGE_BSU
080 _a631.95(075.8)
100 _aურუშაძე თენგიზ.
_916999
245 _aაგროეკოლოგია.
245 _cრედ:თ ზარდალიშვილი.
260 _aთბილისი.
_c2001.
300 _a321 გვ. 20სმ.
541 _h12 ლ.
653 _aაგროეკოლოგია.
942 _cBK
_2udc